Verejné príjmy a výdavky - štruktúra a účinnosť
Analýza štruktúry verejných príjmov a výdavkov, ich podiel na HDP, ako aj ich účinnosť. Vyčíslenie účinnosti verejných financií pomocou DEA analýzy.
Salvato in:
| Autore principale: | |
|---|---|
| Natura: | Capitolo di libro |
| Lingua: | slovacco |
| Soggetti: | |
| Tags: |
Nessun Tag, puoi essere il primo ad aggiungerne!!
|
MARC
| LEADER | 00000naa$a2200000$$$4500 | ||
|---|---|---|---|
| 001 | 0074972 | ||
| 005 | 20230918091814.4 | ||
| 041 | 0 | |a slo | |
| 044 | |a SK | ||
| 245 | 1 | 0 | |a Verejné príjmy a výdavky - štruktúra a účinnosť |c Jozef Sojka |
| 520 | |a Analýza štruktúry verejných príjmov a výdavkov, ich podiel na HDP, ako aj ich účinnosť. Vyčíslenie účinnosti verejných financií pomocou DEA analýzy. | ||
| 610 | 2 | 0 | |a financie verejné |
| 610 | 2 | 0 | |a výdavky verejné |
| 610 | 2 | 0 | |a príjmy |
| 610 | 2 | 0 | |a produkt domáci hrubý |
| 610 | 2 | 0 | |a Európa |
| 610 | 2 | 0 | |a Slovensko |
| 610 | 2 | 0 | |a Česko |
| 610 | 2 | 0 | |a Maďarsko |
| 610 | 2 | 0 | |a analýza ekonomická |
| 100 | 1 | |a Sojka, Jozef | |